| 000 | 00591nam a2200181Ia 4500 | ||
|---|---|---|---|
| 008 | 190422s9999 xx 000 0 und d | ||
| 100 | _aNicolescu, Razvan | ||
| 245 | _aMapping the values of IoT / | ||
| 245 | _cRazvan Nicolescu, Mickhael Huth, Petar Radanliev and David Roure.-- | ||
| 260 | _bAssociation for Information Technology Trust | ||
| 260 | _c2018 | ||
| 300 | _apages 345-360, December 2018 | ||
| 440 |
_aJournal of Information Technology _v33(4) |
||
| 650 | _aInternet of Things | ||
| 650 | _aPolitical Economy | ||
| 650 | _aSocial Economic | ||
| 650 | _aTechnical Values | ||
| 999 |
_c361461 _d361461 |
||